000 00267nam a22001217a 4500
008 170412b xxu||||| |||| 00| 0 eng d
041 _aeng
080 _27 ED
_a618
100 _a10
101 _aSHM
245 _aTHE DEVELOPING HUMAN
_cMOORE.K.L
942 _2udc
_cBK
999 _c10470
_d10470